seriale na disney XD - Statystyki

Ogólne statystyki
  • Ten quiz został rozwiązany 599 razy
  • Średni wynik to 3 z 15
Statystyki odpowiedzi
podpowiedzi odpowiedzi % Poprawnych
budują ogromne rzeczy i mają mnóstwo przyjaciół fineasz i ferb
70%
przygody myszki myszka miki
66%
bogata i przygodowa kaczka kacze opowieści
37%
bioniczne nastolatki szczury laboratoryjne
26%
drużyna piłkarska supa strikas
24%
trzech przyjaciołach widzących ducha muzyka duch i nas dwóch
20%
rodzeństwo rozwiązujące zagadki wodogrzmoty małe
19%
rodzina wieśniaków żyjąca w wielkim mieście greenowie w wielkim mieście
10%
nastolatek który prowadzi drugie zycie ninjy (nwm jak to sie pisze) randy cunningham nastoletni ninja
9%
magiczna różdzka w rękach księżniczki star butterfly kontra siły zła
9%
serial opowiadający o szpitalu dla superbohaterów oddział specjalny
7%
dzieciak który żyje pechem prawo milo murphy`ego
5%
krótkie filmiki niektóre głupawe a niektóre śmieszne główka pracuje
3%
wyścigowy leniwiec furiki
2%
przygody dziecka formującego długie ręce itp. szczeżujski
1%
Nie znaleziono quizów pasujących do podanych kryteriów
Rozkład punktacji
Procent ludzi z każdym wynikiem
Percentyl według liczby udzielonych odpowiedzi
Twoja historia wyników
Nie rozwiązałeś tego quizu